000 00688nam a2200217Ia 4500
008 220216s9999 xx 000 0 und d
100 _aFeng S P
245 0 _aDevelopment, characterization and cross-species/genera transferability of EST-SSR markers for rubber tree (Hevea brasiliensis)
260 _bMolecular Breeding
_c2009
300 _a85-97
650 _aCross-species/genera transferability
650 _aExpressed sequence tag derived simple sequence repeats (EST-SSRs)
650 _aGenetic diversity
650 _aHevea brasiliensis
650 _aPolymorphism
700 _aHuang H S
700 _aLi W G
700 _aWang J Y
700 _aWu Y T
942 _cJS
999 _c57085
_d57085